Generative deep learning : (Record no. 554507)
[ view plain ]
| 000 -LEADER | |
|---|---|
| fixed length control field | 02213cam a2200313 i 4500 |
| 020 ## - INTERNATIONAL STANDARD BOOK NUMBER | |
| International Standard Book Number | 9781492041948 |
| Qualifying information | (paperback) |
| 020 ## - INTERNATIONAL STANDARD BOOK NUMBER | |
| Qualifying information | (paperback) |
| 082 04 - DEWEY DECIMAL CLASSIFICATION NUMBER | |
| Classification number | 006.31 |
| 100 1# - MAIN ENTRY--PERSONAL NAME | |
| Personal name | Foster, David |
| Titles and words associated with a name | (Data scientist), |
| Relator term | author. |
| 245 10 - TITLE STATEMENT | |
| Title | Generative deep learning : |
| Remainder of title | teaching machines to paint, write, compose, and play / |
| Statement of responsibility, etc. | David Foster. |
| 250 ## - EDITION STATEMENT | |
| Edition statement | First edition. |
| 260 ## - PUBLICATION, DISTRIBUTION, ETC. | |
| Place of publication, distribution, etc. | Beijing |
| Name of publisher, distributor, etc. | Oreilly |
| Date of publication, distribution, etc. | 2019 |
| 300 ## - PHYSICAL DESCRIPTION | |
| Extent | xv, 308 pages : |
| Other physical details | illustrations (chiefly color) ; |
| Dimensions | 24 cm |
| 504 ## - BIBLIOGRAPHY, ETC. NOTE | |
| Bibliography, etc. note | Includes bibliographical references and index. |
| 650 #0 - SUBJECT ADDED ENTRY--TOPICAL TERM | |
| Topical term or geographic name entry element | Machine learning. |
| 650 #0 - SUBJECT ADDED ENTRY--TOPICAL TERM | |
| Topical term or geographic name entry element | Artificial intelligence. |
| 650 #0 - SUBJECT ADDED ENTRY--TOPICAL TERM | |
| Topical term or geographic name entry element | Neural networks (Computer science) |
| 650 #0 - SUBJECT ADDED ENTRY--TOPICAL TERM | |
| Topical term or geographic name entry element | Generative programming (Computer science) |
| 650 #7 - SUBJECT ADDED ENTRY--TOPICAL TERM | |
| Topical term or geographic name entry element | Artificial intelligence. |
| 650 #7 - SUBJECT ADDED ENTRY--TOPICAL TERM | |
| Topical term or geographic name entry element | Generative programming (Computer science) |
| 650 #7 - SUBJECT ADDED ENTRY--TOPICAL TERM | |
| Topical term or geographic name entry element | Machine learning. |
| 650 #7 - SUBJECT ADDED ENTRY--TOPICAL TERM | |
| Topical term or geographic name entry element | Neural networks (Computer science) |
| 942 ## - ADDED ENTRY ELEMENTS (KOHA) | |
| Source of classification or shelving scheme | |
| Koha item type | Book |
| 650 #0 - SUBJECT ADDED ENTRY--TOPICAL TERM | |
| -- | 966 |
| 650 #0 - SUBJECT ADDED ENTRY--TOPICAL TERM | |
| -- | 18060 |
| 650 #0 - SUBJECT ADDED ENTRY--TOPICAL TERM | |
| -- | 18586 |
| 650 #0 - SUBJECT ADDED ENTRY--TOPICAL TERM | |
| -- | 52050 |
| 650 #7 - SUBJECT ADDED ENTRY--TOPICAL TERM | |
| -- | 18060 |
| 650 #7 - SUBJECT ADDED ENTRY--TOPICAL TERM | |
| -- | 52050 |
| 650 #7 - SUBJECT ADDED ENTRY--TOPICAL TERM | |
| -- | 966 |
| 650 #7 - SUBJECT ADDED ENTRY--TOPICAL TERM | |
| -- | 18586 |
| Withdrawn status | Lost status | Source of classification or shelving scheme | Damaged status | Not for loan | Permanent Location | Current Location | Date acquired | Source of acquisition | Total Checkouts | Total Renewals | Full call number | Barcode | Checked out | Date last seen | Date last checked out | Price effective from | Koha item type |
|---|---|---|---|---|---|---|---|---|---|---|---|---|---|---|---|---|---|
| Central Library (CL) | Central Library (CL) | 04/13/2021 | Allied Book Company | 3 | 8 | 006.31 FOS | CL-533 | 10/17/2024 | 05/18/2023 | 05/18/2023 | 04/13/2021 | Book |
